000 00403nam a22001457a 4500
005 20170529130954.0
008 170529b xxu||||| |||| 00| 0 eng d
040 _cPK-LaUMT
082 _aZIAC 297.04
_bMOE-M
100 _aMoen ud Din Ahmed Nadvi
245 _aMuqalat Suleman/
_cMoen ud Din Ahmed Nadvi
260 _aاعظم گڑھ:
_bدرمطبع معارف،
_c1971
300 _a419 ص
942 _cBK
999 _c94122
_d94122